| 000 | 00454nam a2200169Ia 4500 | ||
|---|---|---|---|
| 008 | 240729s9999 xx 000 0 und d | ||
| 022 | _a2336-3037 | ||
| 245 | 0 | _aLogi | |
| 260 | _aPoland | ||
| 260 | _bSciendo | ||
| 650 | _a Engineering (General). Civil engineering (General) | ||
| 650 | _a Transportation engineering | ||
| 650 | _aTechnology | ||
| 856 | _uhttps://doaj.org/toc/89ccda6268014716b8c4b6a4604ee188 | ||
| 942 | _2ddc | ||
| 942 | _cDOAJEJ | ||
| 999 |
_c73800 _d73800 |
||
| 945 |
_a1 _bMadushi Gamage _c1 _dMadushi Gamage |
||